000 00275nam a22001097a 4500
082 _a954
100 _aIAS Vision
_981507
245 _aGeneral Studies Notes Post Independence India 20/22
260 _aDelhi
_bVision Ias
_c2022
650 _aIndian Histroy
_973194
942 _cBK
999 _c65569
_d65569